[Event "CHI-ch (Women)"]
[Site "Santiago de Chile"]
[Date "2020.02.19"]
[Round "8"]
[White "Melin Contreras, Valeria"]
[Black "Fuentes Inzunza, Lesly"]
[Result "1-0"]
[WhiteElo "1685"]
[BlackElo "1851"]
[PlyCount "73"]
[EventDate "2020.02.11"]
[EventType "tourn"]
[EventRounds "9"]
[EventCountry "CHI"]
[SourceTitle "CBM 195 Extra"]
[Source "ChessBase"]
[SourceDate "2020.05.31"]
[SourceVersion "1"]
[SourceVersionDate "2020.05.31"]
[SourceQuality "1"]

1. e4 c6 2. d4 d5 3. Nc3 dxe4 4. Nxe4 g6 5. c3 Bg7 6. Nf3 Nf6 7. Nxf6+ exf6 8. Bc4 0-0 9. 0-0 Bg4 10. h3 Bxf3 11. Qxf3 Nd7 12. h4 h5 13. Bf4 Nb6 14. Bb3 Qd7 15. Rfe1 Rfe8 16. Kf1 Qf5 17. Qg3 a5 18. a4 Nd5 19. Bd2 b5 20. axb5 Rxe1+ 21. Rxe1 a4 22. Bxd5 Qxd5 23. bxc6 Qxc6 24. Qd3 Rb8 25. Bc1 Rb3 26. Qe4 Qc4+ 27. Qe2 Qc7 28. Qe8+ Kh7 29. Qxa4 Rb7 30. Kg1 Ra7 31. Qe8 Ra1 32. d5 f5 33. Qc6 Qd8 34. Bd2 Ra7 35. Bg5 f6 36. Be3 Rd7 37. Bb6 1-0

[Event "CHI-ch (Women)"]
[Site "Santiago de Chile"]
[Date "2020.02.16"]
[Round "6"]
[White "Melin Contreras, Valeria"]
[Black "Morales Flores, Monserrat"]
[Result "1/2-1/2"]
[WhiteElo "1685"]
[BlackElo "1955"]
[PlyCount "40"]
[EventDate "2020.02.11"]
[EventType "tourn"]
[EventRounds "9"]
[EventCountry "CHI"]
[SourceTitle "CBM 195 Extra"]
[Source "ChessBase"]
[SourceDate "2020.05.31"]
[SourceVersion "1"]
[SourceVersionDate "2020.05.31"]
[SourceQuality "1"]

1. e4 c5 2. Nc3 e6 3. g3 Nc6 4. Bg2 g6 5. d3 Bg7 6. Be3 d6 7. Qd2 a6 8. f4 Nge7 9. Nf3 Nd4 10. Nh4 Qb6 11. Nd1 Bd7 12. c3 Ndc6 13. 0-0 0-0 14. f5 exf5 15. exf5 f6 16. fxg6 hxg6 17. Bh6 Ne5 18. Bxg7 Kxg7 19. Ne3 Be6 20. Nf3 Rad8 1/2-1/2

[Event "CHI-ch (Women)"]
[Site "Santiago de Chile"]
[Date "2020.02.15"]
[Round "5"]
[White "Gomez Barrera, Javiera Belen"]
[Black "Melin Contreras, Valeria"]
[Result "1-0"]
[WhiteElo "2051"]
[BlackElo "1685"]
[PlyCount "87"]
[EventDate "2020.02.11"]
[EventType "tourn"]
[EventRounds "9"]
[EventCountry "CHI"]
[SourceTitle "CBM 195 Extra"]
[Source "ChessBase"]
[SourceDate "2020.05.31"]
[SourceVersion "1"]
[SourceVersionDate "2020.05.31"]
[SourceQuality "1"]

1. e4 e5 2. Nf3 d6 3. d4 Bg4 4. dxe5 Nd7 5. exd6 Bxd6 6. Nc3 Ngf6 7. Be2 Qe7 8. Nd4 Bxe2 9. Qxe2 g6 10. Ndb5 Be5 11. f4 Bxc3+ 12. Nxc3 0-0-0 13. Bd2 Nc5 14. e5 Nd5 15. 0-0-0 Qe6 16. Kb1 Nxc3+ 17. Bxc3 Na4 18. Bd4 Rd5 19. c4 Ra5 20. b3 c5 21. Ba1 Nb6 22. Qd3 Nd7 23. Qxd7+ Qxd7 24. Rxd7 Kxd7 25. e6+ Kxe6 26. Bxh8 Ra6 27. Be5 Rc6 28. g4 f6 29. Bc3 Rd6 30. Re1+ Kf7 31. Kc2 a6 32. f5 b5 33. Rd1 Rc6 34. Rd7+ Kg8 35. Re7 b4 36. Bb2 gxf5 37. gxf5 Kf8 38. Rxh7 a5 39. h4 a4 40. bxa4 Ra6 41. Rc7 Rxa4 42. Kb3 Ra6 43. Rxc5 Rd6 44. Rd5 1-0

[Event "Santiago Ladies 3rd"]
[Site "Santiago de Chile"]
[Date "2019.08.10"]
[Round "2.4"]
[White "Araya Munoz, Rocio Amalia"]
[Black "Melin Contreras, Valeria"]
[Result "1/2-1/2"]
[WhiteElo "1135"]
[BlackElo "1629"]
[PlyCount "70"]
[EventDate "2019.08.10"]
[EventType "swiss"]
[EventRounds "6"]
[EventCountry "CHI"]
[SourceTitle "EXT 2024"]
[Source "ChessBase"]
[SourceDate "2023.10.10"]
[SourceVersion "1"]
[SourceVersionDate "2023.10.10"]
[SourceQuality "1"]

1. d4 Nf6 2. Bg5 e6 3. e3 Be7 4. Nf3 d6 5. Bd3 Nbd7 6. c4 c5 7. 0-0 0-0 8. Nc3 b6 9. d5 exd5 10. cxd5 a6 11. a4 Bb7 12. Bc2 h6 13. Bf4 Nh5 14. Bg3 Nxg3 15. hxg3 Nf6 16. e4 Qc7 17. Nh4 Bc8 18. Qf3 Bg4 19. Qe3 Nh5 20. Bd1 Bxd1 21. Raxd1 Bg5 22. f4 Bxh4 23. gxh4 Qe7 24. g3 Nf6 25. Qf3 h5 26. Rfe1 Ng4 27. b3 Qc7 28. Qe2 Rfc8 29. e5 c4 30. b4 b5 31. a5 Re8 32. e6 fxe6 33. dxe6 Qa7+ 34. Kg2 Qb7+ 35. Qe4 Qxe4+ 1/2-1/2

[Event "CHI-ch (Women)"]
[Site "Santiago de Chile"]
[Date "2017.01.06"]
[Round "8"]
[White "Melin Contreras, Valeria"]
[Black "Jorquera Cabello, Valentina Paz"]
[Result "0-1"]
[WhiteElo "1678"]
[BlackElo "2032"]
[PlyCount "48"]
[EventDate "2017.01.03"]
[EventType "swiss"]
[EventRounds "9"]
[EventCountry "CHI"]
[SourceTitle "CBM 176 Extra"]
[Source "ChessBase"]
[SourceDate "2017.03.02"]
[SourceVersion "1"]
[SourceVersionDate "2017.03.02"]
[SourceQuality "1"]

1. e4 c5 2. Nf3 d6 3. d3 g6 4. g3 Bg7 5. Bg2 Nc6 6. 0-0 e5 7. Nbd2 Nge7 8. Re1 h6 9. Nf1 Be6 10. Bd2 0-0 11. h4 Qd7 12. N1h2 f5 13. Qc1 Kh7 14. Bh3 fxe4 15. Bxe6 Qxe6 16. Rxe4 d5 17. Re1 Qh3 18. Qd1 Nf5 19. Qe2 Rae8 20. Qf1 Qxf1+ 21. Kxf1 e4 22. dxe4 dxe4 23. Ng1 e3 24. g4 Ng3+ 0-1

[Event "CHI-ch (Women)"]
[Site "Santiago de Chile"]
[Date "2017.01.05"]
[Round "5"]
[White "Bernal Hurtado, Constanza"]
[Black "Melin Contreras, Valeria"]
[Result "0-1"]
[WhiteElo "1726"]
[BlackElo "1678"]
[PlyCount "94"]
[EventDate "2017.01.03"]
[EventType "swiss"]
[EventRounds "9"]
[EventCountry "CHI"]
[SourceTitle "CBM 176 Extra"]
[Source "ChessBase"]
[SourceDate "2017.03.02"]
[SourceVersion "1"]
[SourceVersionDate "2017.03.02"]
[SourceQuality "1"]

1. d4 Nf6 2. Nf3 g6 3. Bf4 Bg7 4. e3 0-0 5. Be2 c5 6. c3 d6 7. 0-0 Nh5 8. Bg5 Nd7 9. Na3 Nhf6 10. Nd2 a6 11. f4 Nd5 12. Nc2 cxd4 13. cxd4 N7f6 14. Bf3 Bd7 15. e4 Nc7 16. Rc1 Ne6 17. Bxf6 Bxf6 18. e5 dxe5 19. fxe5 Bg5 20. Rb1 Qb6 21. Ne4 Bh6 22. Kh1 Bb5 23. Re1 Rad8 24. d5 Nf4 25. Nc3 Nd3 26. Rf1 Nf2+ 27. Rxf2 Qxf2 28. Nxb5 axb5 29. Nb4 Rc8 30. d6 exd6 31. exd6 Rc4 32. a3 Rh4 33. Qe1 Qxe1+ 34. Rxe1 Bf4 35. h3 Bxd6 36. Nd5 Kg7 37. Nc3 b4 38. axb4 Bxb4 39. Bxb7 Rb8 40. Bd5 Rf4 41. Re2 Rf1+ 42. Kh2 Bd6+ 43. g3 Bc5 44. b3 Bb4 45. Ne4 Rc8 46. Rf2 Rxf2+ 47. Nxf2 Rc2 0-1

[Event "CHI-ch (Women)"]
[Site "Santiago de Chile"]
[Date "2017.01.05"]
[Round "6"]
[White "Melin Contreras, Valeria"]
[Black "Morales Flores, Monserrat"]
[Result "1-0"]
[WhiteElo "1678"]
[BlackElo "1912"]
[PlyCount "87"]
[EventDate "2017.01.03"]
[EventType "swiss"]
[EventRounds "9"]
[EventCountry "CHI"]
[SourceTitle "CBM 176 Extra"]
[Source "ChessBase"]
[SourceDate "2017.03.02"]
[SourceVersion "1"]
[SourceVersionDate "2017.03.02"]
[SourceQuality "1"]

1. e4 c5 2. Nf3 e6 3. d3 d6 4. g3 Nc6 5. Bg2 g6 6. 0-0 Bg7 7. Nbd2 Nge7 8. Re1 Qc7 9. Nf1 b6 10. c3 Bb7 11. Be3 0-0-0 12. Qa4 d5 13. Rac1 h6 14. b4 dxe4 15. dxe4 c4 16. N1d2 f5 17. e5 Rd5 18. Nxc4 b5 19. Nd6+ Qxd6 20. exd6 bxa4 21. dxe7 Nxe7 22. Bxa7 Rd3 23. Ne5 Bxe5 24. Rxe5 Bxg2 25. Kxg2 Nc6 26. Re3 Rxe3 27. Bxe3 e5 28. Rd1 Kc7 29. Rd5 Rd8 30. Rxd8 Nxd8 31. Bxh6 Ne6 32. Bd2 Kc6 33. c4 Kb6 34. Kf1 Kc6 35. Bc3 e4 36. Ke2 Ng5 37. h4 Nf3 38. Ke3 Nh2 39. Kd4 Nf3+ 40. Ke3 Nh2 41. Kf4 Nf3 42. h5 gxh5 43. Kxf5 h4 44. gxh4 1-0

[Event "CHI-ch (Women)"]
[Site "Santiago de Chile"]
[Date "2017.01.04"]
[Round "4"]
[White "Vasquez Schroder, Javiera"]
[Black "Melin Contreras, Valeria"]
[Result "0-1"]
[WhiteElo "1483"]
[BlackElo "1678"]
[PlyCount "94"]
[EventDate "2017.01.03"]
[EventType "swiss"]
[EventRounds "9"]
[EventCountry "CHI"]
[SourceTitle "CBM 176 Extra"]
[Source "ChessBase"]
[SourceDate "2017.03.02"]
[SourceVersion "1"]
[SourceVersionDate "2017.03.02"]
[SourceQuality "1"]

1. e4 b6 2. Nf3 Bb7 3. Nc3 e6 4. d4 Bb4 5. Qd3 Nf6 6. Bg5 Bxe4 7. Bxf6 Bxd3 8. Bxd8 Bxf1 9. Kxf1 Kxd8 10. Ne5 Rf8 11. Ne2 f6 12. Nd3 Nc6 13. c3 Be7 14. Ke1 e5 15. d5 Na5 16. b3 Nb7 17. Kd2 c5 18. Ng3 g6 19. Rhf1 Nd6 20. Rae1 c4 21. Nb2 cxb3 22. axb3 Nb5 23. Rc1 f5 24. c4 Nd4 25. Kc3 f4 26. Rce1 fxg3 27. hxg3 Bf6 28. Nd3 Re8 29. Re4 a5 30. Rh1 Re7 31. Nb2 b5 32. c5 Rc8 33. Nd3 b4+ 34. Kc4 Nc2 35. d6 Re6 36. Kd5 Na3 37. Rxh7 Nb5 38. Rg4 Nc3+ 39. Kc4 Rxd6 40. Nxe5 Bxe5 41. Rf7 Rdc6 42. Rf8+ Ke7 43. Rxc8 Rxc8 44. Rxg6 d6 45. f4 Rxc5+ 46. Kd3 Rd5+ 47. Ke3 Bf6 0-1

[Event "South America-ch U18 Girls 13th"]
[Site "Santiago de Chile"]
[Date "2016.12.04"]
[Round "6"]
[White "Molina, Jessica"]
[Black "Melin Contreras, Valeria"]
[Result "1/2-1/2"]
[WhiteElo "1825"]
[BlackElo "1637"]
[PlyCount "47"]
[EventDate "2016.12.01"]
[EventType "swiss"]
[EventRounds "9"]
[EventCountry "CHI"]
[SourceTitle "EXT 2018"]
[Source "ChessBase"]
[SourceDate "2017.10.13"]
[SourceVersion "1"]
[SourceVersionDate "2017.10.13"]
[SourceQuality "1"]

1. f4 Nf6 2. Nf3 d5 3. e3 c5 4. b3 Nc6 5. Bb5 Bd7 6. Bb2 e6 7. d3 Qa5+ 8. Nc3 d4 9. exd4 cxd4 10. Bxc6 Bxc6 11. Nxd4 Bb4 12. Qd2 Bxg2 13. Rg1 Nd5 14. Nde2 Rc8 15. Rxg2 Nxc3 16. a3 Qd5 17. Nxc3 Bxc3 18. Bxc3 Rxc3 19. Qxc3 Qxg2 20. Qc8+ Ke7 21. Qc7+ Kf6 22. Qe5+ Ke7 23. Qc7+ Kf6 24. Qe5+ 1/2-1/2

[Event "Pan American-ch U18 Girls 27th"]
[Site "Montevideo"]
[Date "2016.07.31"]
[Round "9"]
[White "Melin Contreras, Valeria"]
[Black "Romero Dongo, Antonella"]
[Result "0-1"]
[WhiteElo "1712"]
[BlackElo "1837"]
[PlyCount "52"]
[EventDate "2016.07.25"]
[EventType "swiss"]
[EventRounds "9"]
[EventCountry "URU"]
[SourceTitle "EXT 2017"]
[Source "ChessBase"]
[SourceDate "2016.10.25"]
[SourceVersion "1"]
[SourceVersionDate "2016.10.25"]
[SourceQuality "1"]

1. e4 e6 2. Qe2 b6 3. Nf3 Nf6 4. d3 Nc6 5. g3 d5 6. e5 Nd7 7. Bg2 h6 8. 0-0 Bc5 9. c3 Ba6 10. b4 Be7 11. a4 Bb7 12. Re1 0-0 13. h4 a6 14. Bf4 Re8 15. Nh2 Nf8 16. Qh5 Ng6 17. Bd2 d4 18. Be4 Ngxe5 19. Bxh6 g6 20. Qe2 dxc3 21. Ng4 Nd4 22. Qd1 c2 23. Qc1 cxb1Q 24. Rxb1 Ndf3+ 25. Kf1 Bxe4 26. Rxe4 Qxd3+ 0-1

[Event "Pan American-ch U18 Girls 27th"]
[Site "Montevideo"]
[Date "2016.07.28"]
[Round "5"]
[White "Baca Olazaval, Ximena"]
[Black "Melin Contreras, Valeria"]
[Result "1/2-1/2"]
[WhiteElo "1545"]
[BlackElo "1712"]
[PlyCount "105"]
[EventDate "2016.07.25"]
[EventType "swiss"]
[EventRounds "9"]
[EventCountry "URU"]
[SourceTitle "EXT 2017"]
[Source "ChessBase"]
[SourceDate "2016.10.25"]
[SourceVersion "1"]
[SourceVersionDate "2016.10.25"]
[SourceQuality "1"]

1. d4 Nf6 2. c4 g6 3. Nc3 d5 4. e3 Bg7 5. cxd5 Nxd5 6. Nxd5 Qxd5 7. Ne2 0-0 8. Nc3 Qd8 9. Be2 c5 10. dxc5 Qa5 11. Bd2 Qxc5 12. 0-0 Nc6 13. Rc1 Rd8 14. a3 Be6 15. b4 Qd6 16. Be1 Qxd1 17. Nxd1 Rac8 18. Bc3 Ne5 19. Nb2 Bb3 20. Bd4 b6 21. Ba6 Rc6 22. Rxc6 Nxc6 23. Bxg7 Kxg7 24. Rc1 Rd2 25. Nc4 Bxc4 26. Bxc4 Ne5 27. h3 e6 28. g3 Nd3 29. Bxd3 Rxd3 30. Ra1 b5 31. a4 Rb3 32. axb5 Rxb4 33. Rxa7 Rxb5 34. Kg2 h5 35. h4 Kf6 36. Ra4 g5 37. hxg5+ Rxg5 38. Kf3 Rf5+ 39. Kg2 Kg5 40. e4 Rc5 41. Ra2 Rc4 42. Re2 Rc3 43. f3 f6 44. Ra2 e5 45. Re2 Rc7 46. Kf1 h4 47. gxh4+ Kxh4 48. Rg2 Rc3 49. Rg4+ Kh3 50. Kf2 Rc2+ 51. Ke3 Rg2 52. Rxg2 Kxg2 53. Ke2 1/2-1/2